[Event "Speed Chess Super Swiss"]
[Site "chess.com INT"]
[Date "2020.10.03"]
[Round "12"]
[White "Barron, M."]
[Black "Kanyamarala, Trisha"]
[Result "0-1"]
[WhiteElo "2108"]
[BlackElo "2180"]
[PlyCount "62"]
[EventDate "2020.10.03"]
[EventType "swiss (blitz)"]
[EventRounds "15"]
[SourceTitle "Updates"]
[Source "OMOTB"]
[SourceDate "2020.10.26"]
[SourceVersion "3"]
[SourceVersionDate "2020.10.27"]
[SourceQuality "2"]

1. e4 c5 2. Nf3 d6 3. d4 cxd4 4. Nxd4 Nf6 5. Nc3 Nc6 6. Be2 e5 7. Nb3 h6 8. Be3
Be6 9. O-O Be7 10. f4 exf4 11. Rxf4 O-O 12. Nd4 d5 13. Nxe6 fxe6 14. exd5 exd5
15. Nb5 a6 16. Nd4 Bd6 17. Rf1 Qc7 18. h3 Bh2+ 19. Kh1 Ne4 20. Nf3 Ng3+ 21.
Kxh2 Nxf1+ 22. Kg1 Nxe3 23. Qd3 Qb6 24. Kh1 Rad8 25. b3 Nf5 26. Rd1 Ng3+ 27.
Kh2 Qc7 28. Kg1 Rfe8 29. Bf1 Ne4 30. c4 Qb6+ 31. Kh2 Nf2 0-1

[Event "Titled Tuesday 22nd Sept"]
[Site "chess.com INT"]
[Date "2020.09.22"]
[Round "4"]
[White "Hernandez, Alex"]
[Black "Pischal, Yulia"]
[Result "0-1"]
[WhiteElo "2132"]
[BlackElo "1963"]
[PlyCount "54"]
[EventDate "2020.09.22"]
[EventType "swiss (blitz)"]
[EventRounds "10"]
[SourceTitle "Updates"]
[Source "OMOTB"]
[SourceDate "2020.10.26"]
[SourceVersion "3"]
[SourceVersionDate "2020.10.27"]
[SourceQuality "2"]

1. e4 c5 2. Nf3 d6 3. d4 cxd4 4. Nxd4 Nf6 5. Nc3 Nc6 6. Be2 e5 7. Nb3 Be7 8.
O-O O-O 9. f4 exf4 10. Bxf4 Be6 11. Kh1 Ne5 12. Nd4 Bd7 13. Bg5 Ng6 14. Nf5
Bxf5 15. exf5 Ne5 16. Bxf6 Bxf6 17. Ne4 d5 18. Nxf6+ gxf6 19. Bd3 Kh8 20. Qh5
Rg8 21. Rf4 Rg5 22. Qh6 Qe7 23. Rh4 Rg7 24. Re1 Rag8 25. Bf1 Qd6 26. h3 Qb6 27.
Qd2 Nf3 0-1

[Event "ch-SRI 2020"]
[Site "Colombo SRI"]
[Date "2020.09.19"]
[Round "9.4"]
[White "Bandara, Dhanushka"]
[Black "Dabarera, G W D M."]
[Result "1-0"]
[WhiteElo "1879"]
[BlackElo "1938"]
[PlyCount "135"]
[EventDate "2020.09.11"]
[EventType "tourn"]
[EventRounds "13"]
[EventCountry "SRI"]
[SourceTitle "Updates"]
[Source "OMOTB"]
[SourceDate "2020.10.26"]
[SourceVersion "3"]
[SourceVersionDate "2020.10.27"]
[SourceQuality "2"]

1. e4 c5 2. Nf3 d6 3. d4 cxd4 4. Nxd4 Nf6 5. Nc3 Nc6 6. Be2 e5 7. Nb3 Be7 8.
Be3 O-O 9. g4 Be6 10. g5 Nd7 11. Qd2 a5 12. Na4 f5 13. gxf6 Nxf6 14. f3 Qe8 15.
c4 Nd4 16. Nb6 d5 17. Bxd4 exd4 18. Qxd4 Bb4+ 19. Nd2 dxe4 20. Nxa8 Qxa8 21.
O-O-O exf3 22. Nxf3 b5 23. Kb1 Rc8 24. Rhg1 Bf5+ 25. Ka1 Bg6 26. Rg5 Re8 27.
Re5 bxc4 28. Bxc4+ Kh8 29. Rxe8+ Bxe8 30. Ne5 h5 31. Bf7 Bxf7 32. Nxf7+ Kg8 33.
Qc4 Kh7 34. Qd3+ Kg8 35. Qg6 Bf8 36. a3 Qf3 37. Rg1 Qf2 38. Nh6+ Kh8 39. Nf5
Qa7 40. h4 Qc7 41. Re1 Bxa3 42. Nxg7 Bxb2+ 43. Kxb2 Qxg7 44. Qxg7+ Kxg7 45. Re5
Kg6 46. Rg5+ Kh6 47. Rxa5 Nh7 48. Ra6+ Kg7 49. Ra5 Kh6 50. Rf5 Kg6 51. Rf1 Nf6
52. Kc3 Ng4 53. Kd4 Nh2 54. Rf2 Ng4 55. Rf8 Nf6 56. Ke3 Nd5+ 57. Kf3 Nf6 58.
Ra8 Kf5 59. Ra5+ Kg6 60. Kf4 Ne8 61. Ra6+ Kh7 62. Kg5 Ng7 63. Ra7 Kg8 64. Kg6
Ne8 65. Kxh5 Kf8 66. Kg6 Kg8 67. Ra8 Kf8 68. h5 1-0

[Event "31st Czech Open E 2020"]
[Site "Pardubice CZE"]
[Date "2020.09.18"]
[Round "2.4"]
[White "Pirklova, H."]
[Black "Vybiral, Z."]
[Result "1-0"]
[WhiteElo "2099"]
[BlackElo "2221"]
[PlyCount "99"]
[EventDate "2020.09.17"]
[EventType "team"]
[EventRounds "7"]
[EventCountry "CZE"]
[SourceTitle "Updates"]
[Source "OMOTB"]
[SourceDate "2020.10.26"]
[SourceVersion "3"]
[SourceVersionDate "2020.10.27"]
[SourceQuality "2"]
[WhiteTeam "OAZA PRAHA C (MCR)"]
[BlackTeam "QCC CESKE BUDEJOVICE (MCR)"]

1. e4 c5 2. Nf3 d6 3. d4 cxd4 4. Nxd4 Nf6 5. Nc3 Nc6 6. Be2 e5 7. Nf3 h6 8. O-O
Be7 9. h3 O-O 10. Re1 Be6 11. Bf1 Rc8 12. Nd5 Bxd5 13. exd5 Nb4 14. c4 a5 15.
a3 Na6 16. Rb1 Nh7 17. b4 axb4 18. axb4 Ng5 19. Nxg5 Bxg5 20. Ba3 Ra8 21. Qb3
b6 22. Bc1 Re8 23. Be3 g6 24. Ra1 Bxe3 25. Qxe3 Nxb4 26. Qxh6 Qf6 27. Rxa8 Rxa8
28. Qd2 Na6 29. Ra1 Qd8 30. Qb2 Nc7 31. Rxa8 Nxa8 32. Qb5 Kf8 33. Be2 Qc7 34.
Qa4 Qb7 35. Bg4 Ke7 36. h4 f5 37. Bh3 Nc7 38. h5 b5 39. cxb5 Nxd5 40. Qh4+ Kf7
41. Qg5 Ne7 42. hxg6+ Nxg6 43. Qxf5+ Kg7 44. Qd7+ Qxd7 45. Bxd7 Nf8 46. Bc8 Ng6
47. b6 Ne7 48. Bd7 Nd5 49. b7 Nf6 50. Be6 1-0

[Event "Titled Tuesday 15th Sept"]
[Site "chess.com INT"]
[Date "2020.09.15"]
[Round "10"]
[White "Li, Hui"]
[Black "Kiseleva, A."]
[Result "1/2-1/2"]
[WhiteElo "1985"]
[BlackElo "2024"]
[PlyCount "144"]
[EventDate "2020.09.15"]
[EventType "swiss (blitz)"]
[EventRounds "10"]
[SourceTitle "Updates"]
[Source "OMOTB"]
[SourceDate "2020.10.26"]
[SourceVersion "3"]
[SourceVersionDate "2020.10.27"]
[SourceQuality "2"]

1. e4 c5 2. Nf3 d6 3. d4 cxd4 4. Nxd4 Nf6 5. Nc3 Nc6 6. Be2 e5 7. Nb3 Be7 8.
Bg5 Be6 9. O-O O-O 10. Bxf6 Bxf6 11. Nd5 Bg5 12. c3 f5 13. exf5 Bxf5 14. Nd2
Be6 15. Ne4 Bf5 16. Ng3 Be6 17. Ne4 Bf5 18. f3 Bh4 19. Kh1 Qd7 20. Bc4 Kh8 21.
Bd3 Ne7 22. Nxe7 Qxe7 23. Ng3 Bxg3 24. hxg3 Qg5 25. Bxf5 Rxf5 26. g4 Qh4+ 27.
Kg1 Rf6 28. Qe1 Qg5 29. Qc1 Qh4 30. Qe1 Qg5 31. Qg3 Raf8 32. Rae1 Kg8 33. Qf2
Qf4 34. Qe3 Qa4 35. a3 Qc2 36. Qe2 Qg6 37. Qe4 Qg5 38. Qd5+ Kh8 39. Qe4 b6 40.
c4 h5 41. gxh5 Qxh5 42. Qg4 Qh6 43. Qh3 Qxh3 44. gxh3 Rg6+ 45. Kh2 Rf4 46. Rg1
Rgf6 47. Rg3 Rxf3 48. Rxf3 Rxf3 49. Kg2 Rd3 50. Re2 d5 51. cxd5 Rxd5 52. Rf2
Kg8 53. Re2 Rd4 54. Kf3 e4+ 55. Rxe4 Rd3+ 56. Re3 Rd2 57. Re2 Rd3+ 58. Kg4 Rb3
59. h4 Kf7 60. h5 a5 61. Rf2+ Ke6 62. Kg5 Rg3+ 63. Kh4 Rb3 64. Rg2 Kf7 65. Kg5
Rd3 66. Rf2+ Ke6 67. Kg6 Rg3+ 68. Kh7 Rg5 69. Rh2 Kf7 70. Rf2+ Ke6 71. Re2+ Kf7
72. Rf2+ Ke6 1/2-1/2

[Event "Titled Tuesday 15th Sept"]
[Site "chess.com INT"]
[Date "2020.09.15"]
[Round "10"]
[White "Womacka, M."]
[Black "Gabrielian, A."]
[Result "1-0"]
[WhiteElo "2433"]
[BlackElo "2463"]
[PlyCount "77"]
[EventDate "2020.09.15"]
[EventType "swiss (blitz)"]
[EventRounds "10"]
[SourceTitle "Updates"]
[Source "OMOTB"]
[SourceDate "2020.10.26"]
[SourceVersion "3"]
[SourceVersionDate "2020.10.27"]
[SourceQuality "2"]

1. e4 c5 2. Nf3 d6 3. d4 cxd4 4. Nxd4 Nf6 5. Nc3 Nc6 6. Be2 e5 7. Nf3 h6 8. O-O
Be7 9. Re1 O-O 10. h3 a6 11. Bf1 Qc7 12. b3 b5 13. Nd5 Nxd5 14. exd5 Nb8 15. a4
b4 16. a5 Nd7 17. Bd2 Rb8 18. Ra4 Nf6 19. Rxb4 Nxd5 20. Rxb8 Qxb8 21. Bxh6 Nf6
22. Bg5 Re8 23. Bc4 Qc7 24. Qd2 Bb7 25. Bxf6 Bxf6 26. Bd5 Bxd5 27. Qxd5 Qxc2
28. Nd2 Qc3 29. Rd1 Rb8 30. Ne4 Qxb3 31. Nxf6+ gxf6 32. Qxd6 Rc8 33. Rd3 Qe6
34. Rg3+ Kh7 35. Qd3+ f5 36. Rg5 e4 37. Qg3 Qh6 38. Rxf5 Rg8 39. Rxf7+ 1-0

[Event "Titled Tuesday 15th Sept"]
[Site "chess.com INT"]
[Date "2020.09.15"]
[Round "9"]
[White "Berdychevaskaya, N."]
[Black "Hartikainen, J."]
[Result "1-0"]
[WhiteElo "2208"]
[BlackElo "2149"]
[PlyCount "69"]
[EventDate "2020.09.15"]
[EventType "swiss (blitz)"]
[EventRounds "10"]
[SourceTitle "Updates"]
[Source "OMOTB"]
[SourceDate "2020.10.26"]
[SourceVersion "3"]
[SourceVersionDate "2020.10.27"]
[SourceQuality "2"]

1. e4 c5 2. Nf3 Nc6 3. d4 cxd4 4. Nxd4 Nf6 5. Nc3 d6 6. Be2 e5 7. Nb3 h6 8. O-O
Be6 9. Re1 Be7 10. Bf1 a6 11. a4 Rc8 12. Nd5 Bxd5 13. exd5 Nb8 14. f4 Nbd7 15.
fxe5 Nxe5 16. Nd4 g6 17. Nf3 Nfg4 18. Nxe5 Qb6+ 19. Be3 Nxe3 20. Rxe3 Qxe3+ 21.
Kh1 Qxe5 22. b3 O-O 23. Bc4 f5 24. Rb1 f4 25. Qf3 Qe3 26. Qg4 Kg7 27. Rf1 f3
28. gxf3 b5 29. Bd3 Qg5 30. Qd7 Rcd8 31. Qe6 bxa4 32. Rg1 Qf6 33. Rxg6+ Kh8 34.
Rxh6+ Kg7 35. Rh7# 1-0

[Event "Titled Tuesday 15th Sept"]
[Site "chess.com INT"]
[Date "2020.09.15"]
[Round "7"]
[White "Wagh, Suyog"]
[Black "Arjun, Kalyan"]
[Result "1/2-1/2"]
[WhiteElo "2246"]
[BlackElo "2477"]
[PlyCount "220"]
[EventDate "2020.09.15"]
[EventType "swiss (blitz)"]
[EventRounds "10"]
[SourceTitle "Updates"]
[Source "OMOTB"]
[SourceDate "2020.10.26"]
[SourceVersion "3"]
[SourceVersionDate "2020.10.27"]
[SourceQuality "2"]

1. e4 c5 2. Nf3 Nc6 3. d4 cxd4 4. Nxd4 Nf6 5. Nc3 d6 6. Be2 e5 7. Nb3 Be7 8.
O-O O-O 9. Be3 Be6 10. Re1 a5 11. a4 Nb4 12. Bf3 Rc8 13. Rc1 d5 14. exd5 Nfxd5
15. Nxd5 Nxd5 16. Bd2 b6 17. Qe2 Bf6 18. c4 Nf4 19. Bxf4 exf4 20. Red1 Qe8 21.
Nd4 Bxd4 22. Rxd4 Qxa4 23. Rxf4 b5 24. h4 bxc4 25. h5 h6 26. Bg4 Rfe8 27. Bxe6
Rxe6 28. Qf3 Re7 29. b3 Qa3 30. Rcxc4 Re1+ 31. Kh2 Rf8 32. Rg4 Qa1 33. Qc3 Rh1+
34. Kg3 Qxc3+ 35. Rxc3 Rxh5 36. Rgc4 Rb8 37. Rc8+ Rxc8 38. Rxc8+ Kh7 39. Rb8
Rd5 40. f3 g5 41. b4 h5 42. bxa5 Rxa5 43. Rb7 Kg6 44. Rb6+ f6 45. Rc6 Kf5 46.
Rb6 Ra2 47. Rb5+ Kg6 48. Rb6 Ra3 49. Rb5 Ra4 50. Rc5 Rd4 51. Ra5 Kf7 52. Rb5
Ke6 53. Ra5 Rd5 54. Ra3 Kf5 55. Ra4 Re5 56. Rb4 Re2 57. Kh3 Kg6 58. Ra4 Re1 59.
Kg3 Re6 60. Rb4 f5 61. Ra4 h4+ 62. Kf2 Kh5 63. Ra2 Re5 64. Rb2 Ra5 65. Rc2 Kg6
66. Rc6+ Kf7 67. Rc2 Kf6 68. Rb2 Ke5 69. Re2+ Kf4 70. Rb2 Ra4 71. Rc2 g4 72.
fxg4 fxg4 73. g3+ hxg3+ 74. Kg2 Re4 75. Rb2 Re3 76. Rb4+ Kg5 77. Rb2 Kh4 78.
Ra2 Re4 79. Ra8 Re2+ 80. Kg1 g2 81. Ra7 Rb2 82. Ra6 Kg3 83. Ra3+ Kh4 84. Ra4
Rc2 85. Ra5 Re2 86. Ra4 Rb2 87. Ra3 Rc2 88. Rb3 Ra2 89. Rc3 Re2 90. Rb3 Kg5 91.
Ra3 Kf4 92. Rb3 Rd2 93. Ra3 Re2 94. Rb3 Ra2 95. Rc3 Re2 96. Ra3 Re3 97. Rxe3
Kxe3 98. Kxg2 Kf4 99. Kf2 g3+ 100. Kg2 Kg4 101. Kg1 Kh3 102. Kh1 Kh4 103. Kg2
Kg4 104. Kg1 Kh3 105. Kh1 Kg4 106. Kg2 Kf4 107. Kg1 Ke3 108. Kg2 Kf4 109. Kg1
Ke4 110. Kg2 Kf4 1/2-1/2

[Event "Titled Tuesday 15th Sept"]
[Site "chess.com INT"]
[Date "2020.09.15"]
[Round "4"]
[White "Vaishali, R."]
[Black "Vokhidov, Shamsiddin"]
[Result "0-1"]
[WhiteElo "2393"]
[BlackElo "2512"]
[PlyCount "62"]
[EventDate "2020.09.15"]
[EventType "swiss (blitz)"]
[EventRounds "10"]
[SourceTitle "Updates"]
[Source "OMOTB"]
[SourceDate "2020.10.26"]
[SourceVersion "3"]
[SourceVersionDate "2020.10.27"]
[SourceQuality "2"]

1. e4 c5 2. Nf3 Nc6 3. Nc3 d6 4. d4 cxd4 5. Nxd4 Nf6 6. Be2 e5 7. Nf3 h6 8. O-O
Be7 9. Re1 O-O 10. Bf1 Bg4 11. h3 Bh5 12. Be2 Bg6 13. Bc4 Rc8 14. Bb3 Na5 15.
Qd3 a6 16. Bd2 Qc7 17. Nh4 Bh7 18. Nf5 Bxf5 19. exf5 Nc4 20. Bxc4 Qxc4 21. Qg3
Kh7 22. a4 Bd8 23. Rad1 Ba5 24. b3 Qc6 25. Nd5 Qxd5 26. Bxh6 gxh6 27. Rxd5 Nxd5
28. Rd1 Nf4 29. Qf3 Rg8 30. c4 Rxg2+ 31. Kf1 Rcg8 0-1

[Event "TCh-POL 1st League 2020"]
[Site "Ustron POL"]
[Date "2020.09.13"]
[Round "9.1"]
[White "Marcinczyk, Monika"]
[Black "Przezdziecka, E."]
[Result "0-1"]
[WhiteElo "1934"]
[BlackElo "2166"]
[PlyCount "67"]
[EventDate "2020.09.05"]
[EventType "team"]
[EventRounds "9"]
[EventCountry "POL"]
[SourceTitle "Updates"]
[Source "OMOTB"]
[SourceDate "2020.10.26"]
[SourceVersion "3"]
[SourceVersionDate "2020.10.27"]
[SourceQuality "2"]
[WhiteTeam "SSz GMINY PAWLOWICE"]
[BlackTeam "Bialy Krol Wisznia Mala"]

1. e4 c5 2. Nf3 Nc6 3. d4 cxd4 4. Nxd4 Nf6 5. Nc3 d6 6. Be2 e5 7. Nb3 Be7 8.
O-O O-O 9. Be3 a5 10. a4 Nb4 11. f4 Be6 12. Bf3 exf4 13. Bxf4 Nxc2 14. Qxc2
Qb6+ 15. Nd4 Qxd4+ 16. Kh1 Rac8 17. Rfd1 Qb6 18. Qe2 Bc4 19. Qe1 Rfe8 20. Rd2
Qc5 21. Qg3 Rcd8 22. Re1 Nh5 23. Bxh5 Qxh5 24. Nd5 Bh4 25. Qh3 Bxd5 26. Rxd5
Qxd5 27. Qxh4 Qd4 28. b3 Rc8 29. Qg4 Rc2 30. Qd7 Rec8 31. Rf1 Qxe4 32. Bd2 Rf8
33. Qxd6 Qe2 34. Qd5 0-1

[Event "Panchenko Mem Open A 2020"]
[Site "Chelyabinsk RUS"]
[Date "2020.09.12"]
[Round "6.23"]
[White "Grebnev, Aleksey"]
[Black "Badelka, Olga"]
[Result "0-1"]
[WhiteElo "2223"]
[BlackElo "2427"]
[PlyCount "116"]
[EventDate "2020.09.07"]
[EventType "swiss"]
[EventRounds "9"]
[EventCountry "RUS"]
[SourceTitle "Updates"]
[Source "OMOTB"]
[SourceDate "2020.10.26"]
[SourceVersion "3"]
[SourceVersionDate "2020.10.27"]
[SourceQuality "2"]

1. e4 c5 2. Nf3 d6 3. d4 cxd4 4. Nxd4 Nf6 5. Nc3 Nc6 6. Be2 e5 7. Nb3 h6 8. Be3
Be7 9. Qd2 Be6 10. O-O a6 11. a4 O-O 12. a5 Bxb3 13. Bb6 Qd7 14. cxb3 Bd8 15.
Qe3 Bxb6 16. Qxb6 Nd4 17. Bc4 Rfc8 18. Rad1 Rab8 19. Qb4 Qc7 20. Qa4 Qc5 21. h3
Rd8 22. Rd3 Qc6 23. Rfd1 Qxa4 24. bxa4 Kf8 25. Rxd4 exd4 26. Rxd4 Rdc8 27. Nd1
Nd7 28. Ne3 Ne5 29. f4 Nc6 30. Rxd6 Rd8 31. Rxd8+ Rxd8 32. Bd5 Nxa5 33. Kf2 Rc8
34. Ke2 Nc6 35. Kd2 Rc7 36. Nc2 f5 37. Kd3 Ne7 38. Bb3 Rd7+ 39. Ke3 Rd1 40. Bc4
Rc1 41. Bd3 Rb1 42. b4 Rb3 43. Kd4 fxe4 44. Bxe4 b6 45. Kc4 Rg3 46. Nd4 Ra3 47.
Bc2 Ke8 48. Ne6 Kd7 49. Nd4 Kd6 50. Bb3 Ra1 51. Bc2 Rf1 52. f5 Nd5 53. Bd3 Rc1+
54. Nc2 Ne3+ 55. Kc3 Nxc2 56. Bxc2 Ke5 57. Kb3 Rg1 58. Bd3 a5 0-1

[Event "Panchenko Mem Open B 2020"]
[Site "Chelyabinsk RUS"]
[Date "2020.09.12"]
[Round "6.9"]
[White "Kochukova, Anna"]
[Black "Tomilova, E."]
[Result "0-1"]
[WhiteElo "2082"]
[BlackElo "2353"]
[PlyCount "80"]
[EventDate "2020.09.07"]
[EventType "swiss"]
[EventRounds "9"]
[EventCountry "RUS"]
[SourceTitle "Updates"]
[Source "OMOTB"]
[SourceDate "2020.10.26"]
[SourceVersion "3"]
[SourceVersionDate "2020.10.27"]
[SourceQuality "2"]

1. e4 c5 2. Nf3 Nc6 3. d4 cxd4 4. Nxd4 Nf6 5. Nc3 d6 6. Be2 e5 7. Nb3 Be7 8.
Bg5 O-O 9. Bxf6 Bxf6 10. O-O Be6 11. Nd5 Bg5 12. c4 Rc8 13. Bd3 g6 14. Rb1 Bxd5
15. cxd5 Nb4 16. a3 Nxd3 17. Qxd3 Qc7 18. Rfd1 Qc2 19. Na5 f5 20. exf5 Rxf5 21.
Qxc2 Rxc2 22. Rf1 Rf7 23. b4 b5 24. f3 Be3+ 25. Kh1 Rf5 26. Nb7 Rf6 27. Rfe1
Bf4 28. Nd8 h5 29. Ne6 Bh6 30. h4 Rf7 31. Ra1 a5 32. bxa5 Ra7 33. Nd8 Rxa5 34.
Nb7 Ra4 35. Re4 Rd4 36. Nxd6 Rxd5 37. Nb7 Rdd2 38. Rg1 Rd7 39. Na5 Ra7 40. Nb3
Rxa3 0-1

[Event "RA-00669"]
[Site "corr LSS"]
[Date "2020.09.12"]
[Round "?"]
[White "Hatsek, Werner"]
[Black "Morcin, Tom"]
[Result "1/2-1/2"]
[WhiteElo "2060"]
[BlackElo "2122"]
[PlyCount "61"]
[EventDate "2020.07.24"]
[SourceTitle "LSS to Dec2020"]
[Source "LSS ed TH"]
[SourceDate "2021.01.12"]
[SourceVersion "3"]
[SourceVersionDate "2021.01.12"]
[SourceQuality "1"]

1. e4 c5 2. Nc3 d6 3. Nf3 Nf6 4. Be2 Nc6 5. d4 cxd4 6. Nxd4 e5 7. Nb3 Be7 8.
O-O O-O 9. Be3 Be6 10. Bf3 a5 11. Nd2 d5 12. Nxd5 Nxd5 13. exd5 Bxd5 14. Qe2
Bxf3 15. Nxf3 e4 16. Nd2 Qd5 17. Qc4 Qxc4 18. Nxc4 f5 19. a4 Nb4 20. Rac1 Nd5
21. Bd4 Rfd8 22. Rfd1 Rac8 23. b3 Bb4 24. Be5 g6 25. Kf1 b6 26. g3 Kf7 27. Bd4
Ke7 28. f3 Rc6 29. fxe4 fxe4 30. Kf2 Ke8 31. Bb2 1/2-1/2

[Event "30th ch-SLO 2020"]
[Site "Portoroz SLO"]
[Date "2020.09.05"]
[Round "3.3"]
[White "Pozun, Matej"]
[Black "Tisaj, Domen"]
[Result "0-1"]
[WhiteElo "2148"]
[BlackElo "2239"]
[PlyCount "106"]
[EventDate "2020.09.03"]
[EventType "swiss"]
[EventRounds "9"]
[EventCountry "SLO"]
[SourceTitle "Updates"]
[Source "OMOTB"]
[SourceDate "2020.10.26"]
[SourceVersion "3"]
[SourceVersionDate "2020.10.27"]
[SourceQuality "2"]

1. e4 c5 2. Nf3 Nc6 3. d4 cxd4 4. Nxd4 Nf6 5. Nc3 d6 6. Be2 e5 7. Nf3 Be7 8.
Bg5 Be6 9. Bxf6 Bxf6 10. O-O O-O 11. Nd5 Bg5 12. c3 Bh6 13. Bc4 Rc8 14. Bb3 Na5
15. Qd3 Nxb3 16. axb3 a6 17. Nd2 Kh8 18. Nc4 f5 19. f3 b5 20. Ncb6 Rc6 21. Kh1
Rxb6 22. Nxb6 Qxb6 23. c4 Be3 24. cxb5 axb5 25. exf5 Bg8 26. Rfe1 Bd4 27. Ra2
h6 28. Rea1 Qb7 29. Ra5 b4 30. Rb5 Ra8 31. Rd1 Qa6 32. h4 d5 33. Rxb4 Qf6 34.
g3 Bh7 35. Ra4 Rd8 36. Qe2 Bxf5 37. Ra6 Qf7 38. b4 Rc8 39. b5 Rc2 40. Rd2 Rxd2
41. Qxd2 Be4 42. Ra3 Bxf3+ 43. Kh2 Be4 44. Qe2 Qc7 45. Ra1 Qc5 46. Rf1 Kh7 47.
Kh3 Qc8+ 48. Kh2 Qe6 49. Rc1 Qg6 50. Rc6 Bg1+ 51. Kh3 Qf5+ 52. g4 Qf4 53. Rc3
d4 0-1

[Event "Titled Tuesday 1st Sept"]
[Site "chess.com INT"]
[Date "2020.09.01"]
[Round "10"]
[White "Vaishali, R."]
[Black "Mohamed, Anees M"]
[Result "0-1"]
[WhiteElo "2393"]
[BlackElo "2312"]
[PlyCount "86"]
[EventDate "2020.09.01"]
[EventType "swiss (blitz)"]
[EventRounds "10"]
[SourceTitle "Updates"]
[Source "OMOTB"]
[SourceDate "2020.10.26"]
[SourceVersion "3"]
[SourceVersionDate "2020.10.27"]
[SourceQuality "2"]

1. e4 c5 2. Nf3 d6 3. d4 cxd4 4. Nxd4 Nf6 5. Nc3 Nc6 6. Be2 e5 7. Nf3 h6 8. O-O
Be7 9. Re1 Be6 10. Bf1 O-O 11. Nd5 Qd7 12. h3 Bd8 13. c4 Bxd5 14. cxd5 Ne7 15.
Qb3 Ng6 16. Bb5 Qe7 17. Bd2 Bb6 18. a4 Rac8 19. a5 Bc5 20. a6 bxa6 21. Rxa6 Rb8
22. Qa4 Qb7 23. b4 Bb6 24. Bc6 Qe7 25. b5 Nd7 26. Be3 Bxe3 27. Rxe3 Nc5 28. Qa3
Nxa6 29. Qxa6 f5 30. exf5 Rxf5 31. Nd4 Rf4 32. Ne6 Rb4 33. Ra3 Nf4 34. Qxa7
Qxa7 35. Rxa7 Ne2+ 36. Kh2 Nd4 37. Rxg7+ Kh8 38. Rd7 Rb2 39. Rxd6 Nf5 40. Rd7
Rxf2 41. Nc5 Rg8 42. d6 Nh4 43. Nd3 Re2 0-1

[Event "Titled Tuesday 1st Sept"]
[Site "chess.com INT"]
[Date "2020.09.01"]
[Round "9"]
[White "Chen, Ryo"]
[Black "Luo, Terry"]
[Result "0-1"]
[WhiteElo "2085"]
[BlackElo "2124"]
[PlyCount "62"]
[EventDate "2020.09.01"]
[EventType "swiss (blitz)"]
[EventRounds "10"]
[SourceTitle "Updates"]
[Source "OMOTB"]
[SourceDate "2020.10.26"]
[SourceVersion "3"]
[SourceVersionDate "2020.10.27"]
[SourceQuality "2"]

1. e4 c5 2. Nf3 d6 3. d4 cxd4 4. Nxd4 Nf6 5. Nc3 Nc6 6. Be2 e5 7. Nf3 h6 8. O-O
Be6 9. Re1 Be7 10. Bf1 O-O 11. Nd5 Rc8 12. h3 a5 13. Be3 Bxd5 14. exd5 Nb4 15.
c4 Nd7 16. Nd2 f5 17. f3 Bh4 18. Re2 Nd3 19. Qb3 N7c5 20. Qa3 Nf4 21. Bxf4 exf4
22. Nb3 Bf6 23. Qxa5 Nxb3 24. axb3 Qxa5 25. Rxa5 Ra8 26. Rb5 b6 27. Rd2 Ra6 28.
Bd3 Bd4+ 29. Kh2 Ra1 30. h4 Bg1+ 31. Kh3 Be3 0-1

[Event "Titled Tuesday 1st Sept"]
[Site "chess.com INT"]
[Date "2020.09.01"]
[Round "9"]
[White "Womacka, M."]
[Black "Khazieva, E."]
[Result "0-1"]
[WhiteElo "2435"]
[BlackElo "2016"]
[PlyCount "72"]
[EventDate "2020.09.01"]
[EventType "swiss (blitz)"]
[EventRounds "10"]
[SourceTitle "Updates"]
[Source "OMOTB"]
[SourceDate "2020.10.26"]
[SourceVersion "3"]
[SourceVersionDate "2020.10.27"]
[SourceQuality "2"]

1. e4 c5 2. Nf3 d6 3. d4 cxd4 4. Nxd4 Nf6 5. Nc3 Nc6 6. Be2 e5 7. Nf3 h6 8. O-O
Be6 9. Re1 Be7 10. Bf1 O-O 11. h3 Rc8 12. Nd5 Bxd5 13. exd5 Nb4 14. c4 a5 15.
a3 Na6 16. Rb1 Nd7 17. b4 axb4 18. axb4 f5 19. c5 Nab8 20. cxd6 Bxd6 21. Nd2
Nb6 22. Bb2 N8d7 23. Qb3 Kh7 24. Rbc1 Qg5 25. Nf3 Qf4 26. g3 Qxb4 27. Qxb4 Bxb4
28. Rxc8 Rxc8 29. Rb1 Bd6 30. Nxe5 Bxe5 31. Bxe5 Nxd5 32. Bd4 b6 33. Bb5 N7f6
34. Re1 Rc2 35. Re6 Rc1+ 36. Kg2 Ne4 0-1

[Event "Titled Tuesday 1st Sept"]
[Site "chess.com INT"]
[Date "2020.09.01"]
[Round "6"]
[White "Chen, Ryo"]
[Black "Balakrishnan, Praveen"]
[Result "0-1"]
[WhiteElo "2085"]
[BlackElo "2498"]
[PlyCount "180"]
[EventDate "2020.09.01"]
[EventType "swiss (blitz)"]
[EventRounds "10"]
[SourceTitle "Updates"]
[Source "OMOTB"]
[SourceDate "2020.10.26"]
[SourceVersion "3"]
[SourceVersionDate "2020.10.27"]
[SourceQuality "2"]

1. e4 c5 2. Nf3 d6 3. d4 cxd4 4. Nxd4 Nf6 5. Nc3 Nc6 6. Be2 e5 7. Nf3 h6 8. O-O
Be7 9. h3 O-O 10. Re1 Be6 11. Bf1 Qa5 12. Nd2 Nd4 13. Bc4 b5 14. Bxe6 fxe6 15.
Ne2 Nc6 16. Nb3 Qc7 17. Ng3 a5 18. a4 b4 19. Be3 Rac8 20. Qe2 d5 21. Rac1 d4
22. Bd2 Qd7 23. Nh5 Bd8 24. Nxf6+ Rxf6 25. Nc5 Qd6 26. Nd3 Ne7 27. c3 dxc3 28.
bxc3 b3 29. c4 Nc6 30. Bc3 Nd4 31. Qb2 Bb6 32. Bxd4 Qxd4 33. Qxb3 Rcf8 34. Re2
Rg6 35. Rd1 Ba7 36. Nf4 Rxf4 37. Rxd4 Bxd4 38. Kf1 Rgf6 39. f3 Rg6 40. Qb5
Rxf3+ 41. Ke1 Rc3 42. Qe8+ Kh7 43. Qb5 Rf6 44. Kd2 Rf1 45. Qxa5 Rcc1 46. Kd3
Rfd1+ 47. Rd2 Re1 48. Re2 Rcd1+ 49. Kc2 Rc1+ 50. Kd3 Rf1 51. Qd2 Rcd1 52. Kc2
Rxd2+ 53. Rxd2 Ra1 54. Kd3 Ra3+ 55. Ke2 Rxa4 56. Rc2 Ra5 57. Kd3 Ra3+ 58. Ke2
Rc3 59. Rxc3 Bxc3 60. c5 Ba5 61. c6 Kg8 62. Kd3 Kf7 63. Kc4 Ke7 64. Kb5 Bc7 65.
Ka6 Kd6 66. Kb7 h5 67. h4 g6 68. g3 Ba5 69. Kc8 Kxc6 70. Kb8 Kc5 71. Kc8 Kd4
72. Kd7 Kxe4 73. Kxe6 Bc3 74. Kf6 Kf3 75. Kxg6 e4 76. Kxh5 e3 77. g4 e2 78. g5
e1=Q 79. g6 Qe5+ 80. Kh6 Qh8+ 81. Kg5 Bf6+ 82. Kf5 Qxh4 83. g7 Qg5+ 84. Ke6
Qxg7 85. Kf5 Be5 86. Ke6 Qf6+ 87. Kd7 Qd6+ 88. Ke8 Qc7 89. Kf8 Qd7 90. Kg8 Qg7#
0-1

[Event "Titled Tuesday 1st Sept"]
[Site "chess.com INT"]
[Date "2020.09.01"]
[Round "4"]
[White "Li, Hui"]
[Black "Oparin, G."]
[Result "0-1"]
[WhiteElo "1985"]
[BlackElo "2652"]
[PlyCount "78"]
[EventDate "2020.09.01"]
[EventType "swiss (blitz)"]
[EventRounds "10"]
[SourceTitle "Updates"]
[Source "OMOTB"]
[SourceDate "2020.10.26"]
[SourceVersion "3"]
[SourceVersionDate "2020.10.27"]
[SourceQuality "2"]

1. e4 c5 2. Nf3 Nc6 3. d4 cxd4 4. Nxd4 Nf6 5. Nc3 d6 6. Be2 e5 7. Nb3 Be7 8.
Bg5 O-O 9. Bxf6 Bxf6 10. Nd5 Bg5 11. O-O Be6 12. c3 Ne7 13. Bc4 Rc8 14. Nxe7+
Qxe7 15. Bd5 g6 16. Qd3 Rfd8 17. Rad1 Rc7 18. Na1 Bg4 19. f3 Bd7 20. Nc2 a6 21.
Ne3 Bb5 22. c4 Bxe3+ 23. Qxe3 Bxc4 24. Rf2 Bxd5 25. Rxd5 Rdc8 26. Rfd2 Rc1+ 27.
Rd1 Rxd1+ 28. Rxd1 Rc6 29. Qb3 Qc7 30. Qd5 Kg7 31. h4 h5 32. Kh2 Qe7 33. Kh3
Qf6 34. b4 g5 35. hxg5 Qxg5 36. a4 h4 37. g4 Qf4 38. Rg1 Rc2 39. Kxh4 Rh2# 0-1